Behavioral response to intervention (Record no. 25354)

MARC details
000 -LEADER
fixed length control field 00720nam a22002057a 4500
003 - CONTROL NUMBER IDENTIFIER
control field OSt
005 - DATE AND TIME OF LATEST TRANSACTION
control field 20260629122439.0
008 - FIXED-LENGTH DATA ELEMENTS--GENERAL INFORMATION
fixed length control field 260629b |||||||| |||| 00| 0 eng d
020 ## - INTERNATIONAL STANDARD BOOK NUMBER
International Standard Book Number 978-1-59909-028-3
040 ## - CATALOGING SOURCE
Transcribing agency Chuka University
050 ## - LIBRARY OF CONGRESS CALL NUMBER
Classification number LB 3013
Item number . S67 2009
100 ## - MAIN ENTRY--PERSONAL NAME
Personal name Randy Sprick
9 (RLIN) 31489
245 ## - TITLE STATEMENT
Title Behavioral response to intervention
Remainder of title Creating a continuum of problem solving
260 ## - PUBLICATION, DISTRIBUTION, ETC.
Place of publication, distribution, etc. United States
Name of publisher, distributor, etc. Pacific north west publishing inc
Date of publication, distribution, etc. 2009
300 ## - PHYSICAL DESCRIPTION
Extent 329p.
Other physical details Illiustrated
650 ## - SUBJECT ADDED ENTRY--TOPICAL TERM
Topical term or geographic name entry element Classroom management ---- handbooks, manuals
9 (RLIN) 31490
650 ## - SUBJECT ADDED ENTRY--TOPICAL TERM
Topical term or geographic name entry element School discipline --- handbooks, manuals
9 (RLIN) 31491
650 ## - SUBJECT ADDED ENTRY--TOPICAL TERM
Topical term or geographic name entry element Behavioral modification--- handbooks, manuals
9 (RLIN) 31492
942 ## - ADDED ENTRY ELEMENTS (KOHA)
Source of classification or shelving scheme Library of Congress Classification
Koha item type Short Loan Books
Suppress in OPAC No
Holdings
Withdrawn status Lost status Source of classification or shelving scheme Damaged status Not for loan Collection Home library Current library Shelving location Date acquired Source of acquisition Total Checkouts Full call number Barcode Date last seen Price effective from Koha item type
    Library of Congress Classification     General Collection Books Main Campus Library Main Campus Library General Stacks 29/06/2026 Donations From Books For Africa   LB 3013. S67 2009 36020/2026 29/06/2026 29/06/2026 Short Loan Books

Powered by Koha